| Tag |
First Indicator |
Second Indicator |
Subfields |
| LEADER |
00000nam a2200000 4500 |
| 001 |
in00004336021 |
| 005 |
20200812101104.0 |
| 006 |
m g d |
| 007 |
cr bn |||a|bb| |
| 008 |
920723s1647 enk o 00| | eng d |
| 035 |
|
|
|a (UnM)99861848
|
| 037 |
|
|
|a CL0051000002
|b ProQuest Information and Learning. 300 N. Zeeb Rd., Ann Arbor, MI 48106
|
| 040 |
|
|
|a Cu-RivES
|c Cu-RivES
|d Uk-ES
|d CStRLIN
|e dcrb
|d WaOLN
|
| 100 |
1 |
|
|a King, Edward,
|c of Marton, Lincolnshire.
|
| 245 |
1 |
2 |
|a A discovery of the arbitrary, tyrannicall, and illegall actions of some of the committee of the county of Lincoln, :
|b occasioned by a charge given to the grand jury at the Quarter Sessions of the peace held at Folkingham in the county aforesaid, upon the 5 of Octob. 1646. /
|c By Edvvard King, of Marton in the county aforesaid Esquire, Justice of the Peace for that part of the county: wherein is set forth the exorbitancy of the said committee men, who transgressed the laws, changed the ordinances, and broak the solemn vow, League and covenant; with severall warrants under their hands for the cleer and evident proof of the same.
|
| 260 |
|
|
|a London, :
|b [publisher not identified],
|c Printed. 1647.
|
| 300 |
|
|
|a 1 online resource ([6], 27, [1] pages)
|
| 336 |
|
|
|a text
|b txt
|2 rdacontent
|
| 337 |
|
|
|a computer
|b c
|2 rdamedia
|
| 338 |
|
|
|a online resource
|b cr
|2 rdacarrier
|
| 500 |
|
|
|a Annotation on Thomason copy: "feb: 1st 1646"; the 7 in imprint date crossed out.
|
| 500 |
|
|
|a Reproduction of the original in the British Library.
|
| 510 |
4 |
|
|a Wing (2nd edition)
|c K492.
|
| 510 |
4 |
|
|a Thomason
|c E.373[3].
|
| 533 |
|
|
|a Electronic reproduction.
|b Ann Arbor, Mich. :
|c UMI,
|d 1999-
|f (Early English books online)
|n Digital version of: (Thomason Tracts ; 59:E373[3])
|7 s1999 miun s
|
| 610 |
1 |
0 |
|a Lincolnshire (England).
|b Committee.
|
| 650 |
|
0 |
|a Political corruption
|z England
|z Lincolnshire
|v Early works to 1800.
|
| 630 |
0 |
0 |
|a Solemn League and Covenant
|d (1643).
|v Early works to 1800.
|
| 651 |
|
0 |
|a Lincolnshire (England)
|x Officials and employees
|v Early works to 1800.
|
| 651 |
|
0 |
|a Lincolnshire (England)
|x History
|v Early works to 1800.
|
| 830 |
|
0 |
|a Early English books online.
|
| 856 |
4 |
0 |
|u http://proxy.library.tamu.edu/login?url=https://search.proquest.com/docview/2240955194
|z Connect to the full text of this electronic book
|t 0
|
| 999 |
f |
f |
|s c430b552-7385-37f3-9d6b-5702241de96b
|i d6a90acf-1e7a-3a89-b0dd-b0a0ec95342e
|t 0
|
| 952 |
f |
f |
|a Texas A&M University
|b College Station
|c Electronic Resources
|d Available Online
|t 0
|h No information provided
|
| 998 |
f |
f |
|t 0
|l Available Online
|